Protocole/Port - Statistiques

Statistiques générales
  • Ce quiz a été pris 69 fois
  • Le résultat moyen est 7 sur 14
Statistiques - réponses
Protocol Réponse % Correct
HTTP 80
86%
SSH 22
78%
HTTPS 443
78%
FTP controle 21
75%
DNS 53
61%
telnet 23
56%
FTP donnee 20
50%
SMTP 25
42%
POP3 110
39%
IMAP 143
28%
TFTP 69
28%
serveur proxy (le plus souvent) 8080
19%
SFTP 115
8%
NMAP 689
8%
Aucun quiz correspondant
Distribution des résultats
% des personnes avec chaque résultat
Percentile par nombre de réponses
Votre historique - résultats
Vous n’avez pas pris ce quiz